000 01008nam a2200313 i 4500
001 000021613
003 DO-SdBNP
005 20251002121933.0
007 ta
008 100909s1978 dr a 000 0 spa d
040 _aDO-SdBNP
_bspa
_cBNPHU
_erda
041 _aspa
082 4 _a305.42
_bY22e
_222
100 1 _aYangüela, Violeta,
_d1942-
_eautor
_4aut.
_944987
245 1 0 _aEsclava te doy /
_cVioleta Yangüela.
264 4 _aSanto Domingo :
_bEditora Alfa y Omega,
_c©1978.
300 _a235 páginas :
_bilustraciones ;
_c15 cm.
336 _atexto
_btxt
_2rdacontent
337 _asin mediación
_bn
_2rdamedia
338 _avolumen
_bnc
_2rdacarrier
500 _aIncluye datos biográficos del autor en la contracubierta
504 _aBibliografía : páginas 231-232
590 _aInventariado, 2018/MFF
650 4 _aMujeres
_xCondiciones sociales
_92063
650 4 _aFeminismo
_92525
650 4 _aRoles sexuales
_95380
910 _aValidado. Control de calidad MFF
942 _2ddc
_cLBS1
999 _c21112
_d21112